01507nam a2200349Ia 4500001001200000003000800012006001900020007001500039008004100054010001700095020001800112020001500130020001800145040002100163035002100184050002400205111008500229245024100314260006100555300002200616504004100638533015200679650003200831650003400863651002100897655002900918700002700947700002300974710001700997856012601014999001701140ebr10688071CaPaEBRm u cr cn|||||||||090512s2008 njua sb 000 0 eng d z 2009285804 z9789812832719 z9812832718 z9789812832726 aCaPaEBRcCaPaEBR a(OCoLC)83315585514aQB520b.N355 2008eb2 aNational Workshop on "Recent Advances in Solar Physicsd(2006 :cMeerut College)10aPhysics of the sun and its atmosphereh[electronic resource] :bproceedings of the National Workshop (India) on "Recent Advances in Solar Physics" : Meerut College, Meerut, India, 7-10 November, 2006 /ceditors, B.N. Dwivedi, U. Narain. aHackensack, NJ ;aSingapore :bWorld Scientific,cc2008. ax, 283 p. :bill. aIncludes bibliographical references. aElectronic reproduction.bPalo Alto, Calif. :cebrary,d2013.nAvailable via World Wide Web.nAccess may be limited to ebrary affiliated libraries. 0aSolar activityvCongresses. 0aSolar atmospherevCongresses. 0aSunvCongresses. 7aElectronic books.2local1 aDwivedi, B. N.,d1950-1 aNarain, U.q(Udit)2 aebrary, Inc.40uhttp://site.ebrary.com/lib/rucke/Doc?id=10688071zAn electronic book accessible through the World Wide Web; click to view c12603d12603